01158nam a2200313 a 4500001001200000003000800012006001900020007001500039008004100054020001500095020001800110020002700128040002100155035002100176050002600197245007800223260004300301300001100344440003400355504005300389533015200442650002500594650001600619655002900635700002000664710001700684856012600701999001700827ebr10728823CaPaEBRm o u cr cn|||||||||130716s2004 gw sb 001 0 eng d z3937202412 z9783110327366 z9783110327694 (e-book) aCaPaEBRcCaPaEBR a(OCoLC)85456925814aBJ1458.3b.N67 2004eb00aNormativity and naturalismh[electronic resource] /cPeter Schaber (ed.). aHeusenstamm [Germany] :bontos,c2004. a179 p. 0aPractical philosophy ;vBd. 5 aIncludes bibliographical references and indexes. aElectronic reproduction.bPalo Alto, Calif. :cebrary,d2013.nAvailable via World Wide Web.nAccess may be limited to ebrary affiliated libraries. 0aNormativity (Ethics) 0aNaturalism. 7aElectronic books.2local1 aSchaber, Peter.2 aebrary, Inc.40uhttp://site.ebrary.com/lib/rucke/Doc?id=10728823zAn electronic book accessible through the World Wide Web; click to view c37374d37374